Close pursuit : (Record no. 8944)
[ view plain ]
| 000 -LEADER | |
|---|---|
| fixed length control field | 00983cam a2200289 a 4500 |
| 003 - CONTROL NUMBER IDENTIFIER | |
| control field | SISC |
| 005 - DATE AND TIME OF LATEST TRANSACTION | |
| control field | 20160330131839.0 |
| 008 - FIXED-LENGTH DATA ELEMENTS--GENERAL INFORMATION | |
| fixed length control field | 860819s1987 onc 000 0 eng |
| 010 ## - LIBRARY OF CONGRESS CONTROL NUMBER | |
| LC control number | 86022155 |
| 020 ## - INTERNATIONAL STANDARD BOOK NUMBER | |
| International Standard Book Number | 0553266454 : |
| Terms of availability | $17.95 (U.S.) |
| 040 ## - CATALOGING SOURCE | |
| Original cataloging agency | DLC |
| Transcribing agency | DLC |
| Modifying agency | DLC |
| 043 ## - GEOGRAPHIC AREA CODE | |
| Geographic area code | n-us-ny |
| 050 00 - LIBRARY OF CONGRESS CALL NUMBER | |
| Classification number | HV 8079.H6 |
| Item number | .St77 1988 |
| 082 00 - DEWEY DECIMAL CLASSIFICATION NUMBER | |
| Classification number | HS 363.2 |
| Item number | .St8 1988 |
| 100 1# - MAIN ENTRY--PERSONAL NAME | |
| Personal name | Stroud, Carsten, |
| Dates associated with a name | 1946- |
| 9 (RLIN) | 11907 |
| 245 10 - TITLE STATEMENT | |
| Title | Close pursuit : |
| Statement of responsibility, etc | Carsten Stroud. |
| 260 ## - PUBLICATION, DISTRIBUTION, ETC. (IMPRINT) | |
| Place of publication, distribution, etc | New York : |
| Name of publisher, distributor, etc | Bantam Books, |
| Date of publication, distribution, etc | c1988. |
| 300 ## - PHYSICAL DESCRIPTION | |
| Extent | 338 p. ; |
| Dimensions | 18 cm. |
| 562 ## - COPY AND VERSION IDENTIFICATION NOTE | |
| Number of copies | For circulation. One copy available in the collection. |
| 610 10 - SUBJECT ADDED ENTRY--CORPORATE NAME | |
| Corporate name or jurisdiction name as entry element | Homicide investigation. |
| General subdivision | New York. |
| 9 (RLIN) | 11908 |
| 610 10 - SUBJECT ADDED ENTRY--CORPORATE NAME | |
| Corporate name or jurisdiction name as entry element | New York (N.Y.) |
| General subdivision | Police dept. |
| 9 (RLIN) | 11909 |
| 650 #0 - SUBJECT ADDED ENTRY--TOPICAL TERM | |
| Topical term or geographic name as entry element | Homicide investigation |
| Geographic subdivision | New York (State) |
| -- | New York |
| General subdivision | Case studies. |
| 9 (RLIN) | 11910 |
| 650 #0 - SUBJECT ADDED ENTRY--TOPICAL TERM | |
| Topical term or geographic name as entry element | Police |
| Geographic subdivision | New York (State) |
| -- | New York |
| General subdivision | Case studies. |
| 9 (RLIN) | 11911 |
| 906 ## - LOCAL DATA ELEMENT F, LDF (RLIN) | |
| a | 7 |
| b | cbc |
| c | orignew |
| d | 1 |
| e | ocip |
| f | 19 |
| g | y-gencatlg |
| 942 ## - ADDED ENTRY ELEMENTS (KOHA) | |
| Source of classification or shelving scheme | Library of Congress Classification |
| Koha item type | Books |
| Withdrawn status | Lost status | Source of classification or shelving scheme | Damaged status | Home library | Current library | Shelving location | Date acquired | Total Checkouts | Full call number | Barcode | Date last seen | Copy number | Price effective from | Koha item type |
|---|---|---|---|---|---|---|---|---|---|---|---|---|---|---|
| Library of Congress Classification | Luxembourg Library | Luxembourg Library | High School Section | 08/22/2013 | HV 8079.H6 .St77 1988 | 2378 | 03/30/2016 | 1 | 08/22/2013 | Books |